000 00522nam a2200193 a 4500
001 0286
005 20140414131925.0
008 040131s19uu xx 00 eng d
020 _a1-85830-524-1
050 _aER
_bSp3 1997
100 _aBlyton, Enid
245 0 _aSpelling spell, The /
_cEnid Blyton ; illustrated by Pam Storey.
260 _aLondon :
_bGrandreams,
_c1997.
300 _a1 v. p. : ill. ; cm.
440 _aEnid Blyton
650 _aSpell
_xFiction.
650 _aChildren stories.
999 _c111934
_d111934